Quien habla bien piensa bien / J. Vetelio Ruíz Hernández (Registro nro. 5780)

Detalles MARC
000 -LEADER
fixed length control field 00470nam a22001811a 4500
001 - CONTROL NUMBER
control field 5780
003 - CONTROL NUMBER IDENTIFIER
control field OSt
005 - DATE AND TIME OF LATEST TRANSACTION
control field 20260204212028.0
008 - FIXED-LENGTH DATA ELEMENTS--GENERAL INFORMATION
fixed length control field 060209s1988||||cu ||||||b||||||||||spa||
050 ## - LIBRARY OF CONGRESS CALL NUMBER
Classification number 370.11 R859q
100 ## - ASIENTO PRINCIPAL -- NOMBRE PERSONAL
Personal name Ruíz Hernández, J. Vetelio
245 ## - TÍTULO PROPIAMENTE DICHO: SUBTÍTULO
Title Quien habla bien piensa bien / J. Vetelio Ruíz Hernández
264 ## - PRODUCTION, PUBLICATION, DISTRIBUTION, MANUFACTURE, AND COPYRIGHT NOTICE
Place of production, publication, distribution, manufacture Cuba : ENPES
300 ## - PHYSICAL DESCRIPTION
Extensión 177 p
500 ## - GENERAL NOTE
General note Incluye bibliografía.
650 ## - ASIENTO SECUNDARIO DE MATERIA -- TERMINO TEMÁTICO
Termino Temático Como Elemento de Entrada 1.Educación BásicaÌ
942 ## - ADDED ENTRY ELEMENTS (KOHA)
Source of classification or shelving scheme Dewey Decimal Classification
Koha item type Libros
Existencias
Withdrawn status Lost status Source of classification or shelving scheme Damaged status Not for loan Current library Date acquired Full call number Barcode Date last seen Price effective from Koha item type
    Dewey Decimal Classification Dañado   Biblioteca UTECO 09/09/2019 370.11 R859Q 010747 09/09/2019 09/09/2019 Libros
© 2021 Derechos Reservados UTECO - Teléfono: +1 809-585-2291 - Correo electrónico: biblioteca@uteco.edu.do​  
Código postal 43000 ​​
Dirección: Avenida Universitaria No. 100, 
Cotuí, Provincia Sánchez Ramírez, República Dominicana - RNC: 404-00059-6